000 00583nam a2200229Ia 4500
005 20230324164815.0
008 230125s9999 xx 000 0 und d
020 _a9781259098031
041 _aeng
082 _a650.01
_bHIL
100 _aHill C W L
_9107371
245 _aInternational Business
_bCompeting in the Global Marketplace
250 _aEd.10th
260 _c2015
_bMcGraw-Hill
_aNew Delhi
300 _a805p
500 _aIBM
650 _aIBM
_9119010
700 _aHill C W L & Jain A K
906 _b240.25
942 _cBK
999 _c94546
_d94546